Mythical Creatures in Heraldry - Picture Quiz - Statistics

General Stats
  • This quiz has been taken 28 times
  • The average score is 9 of 16
Answer Stats
Picture Answer % Correct
Dragon
100%
Unicorn
100%
Phoenix
92%
Centaur
88%
Pegasus
88%
Gryphon
83%
Cerberus
79%
Basilisk
63%
Hydra
58%
Chimera
54%
Double-headed Eagle
33%
Wyvern
33%
Sea Horse
29%
Salamander
17%
Sleipnir
13%
Lindworm
4%
No matching quizzes found
Score Distribution
Percent of People with Each Score
Percentile by Number Answered
Your Score History
You have not taken this quiz